| Tag |
First Indicator |
Second Indicator |
Subfields |
| LEADER |
00000cam a2200000 4500 |
| 001 |
in00000011137 |
| 005 |
20151007052008.0 |
| 008 |
700824s1970 nyua b 00110 eng |
| 010 |
|
|
|a 70106396
|
| 020 |
|
|
|a 0823902021
|
| 035 |
|
|
|a (OCoLC)00091462
|
| 035 |
|
|
|9 AAA5808AM
|
| 040 |
|
|
|a DLC
|c DLC
|d m.c.
|d UtOrBLW
|
| 049 |
|
|
|a TXAM
|c [704897]
|
| 050 |
0 |
0 |
|a QB51.5
|b .B45
|
| 082 |
0 |
|
|a 520/.23
|
| 100 |
1 |
|
|a Bell, Raymond Martin,
|d 1907-1999.
|
| 245 |
1 |
0 |
|a Your future in astronomy /
|c [by] Raymond M. Bell.
|
| 250 |
|
|
|a [1st ed.].
|
| 264 |
|
1 |
|a New York :
|b R. Rosen Press,
|c [1970]
|
| 300 |
|
|
|a 127 pages :
|b illustrations ;
|c 23 cm.
|
| 336 |
|
|
|a text
|b txt
|2 rdacontent
|
| 337 |
|
|
|a unmediated
|b n
|2 rdamedia
|
| 338 |
|
|
|a volume
|b nc
|2 rdacarrier
|
| 490 |
1 |
|
|a Careers in depth,
|v no. 94
|
| 520 |
|
|
|a Discusses the opportunities in astronomy and the qualifications and education necessary for a career in that field.
|
| 500 |
|
|
|a Cover title: A definitive study of your future in astronomy.
|
| 504 |
|
|
|a Bibliography: pages 115-119.
|
| 650 |
|
0 |
|a Astronomy
|x Vocational guidance.
|
| 650 |
|
1 |
|a Astronomy
|x Vocational guidance.
|
| 740 |
2 |
|
|a A definitive study of your future in astronomy.
|
| 830 |
|
0 |
|a Careers in depth ;
|v no. 94.
|
| 999 |
|
|
|a MARS
|
| 999 |
f |
f |
|s 62791231-38cd-3e81-8646-cc1229651745
|i 01e6d04c-2725-3085-a005-a8d8251b5128
|t 0
|
| 952 |
f |
f |
|p ric
|a Texas A&M University
|b Rellis Campus
|c Joint Library Facility
|d Remote Storage
|t 0
|e QB51.5 .B45
|h Library of Congress classification
|i unmediated -- volume
|m A14810770248
|
| 998 |
f |
f |
|a QB51.5 .B45
|t 0
|l Remote Storage
|